Revista Saqsaywaman : (Record no. 21997)

000 -CABECERA
fixed length control field 01839nam a22003017a 4500
003 - IDENTIFICADOR DEL NÚMERO DE CONTROL
control field AR-CdUCM
008 - DATOS DE LONGITUD FIJA--INFORMACIÓN GENERAL
fixed length control field 190425b ||||| |||| 00| 0 spa d
040 ## - FUENTE DE LA CATALOGACIÓN
Agencia/entidad que catalogó originalmente la obra MUNICIPALIDAD PROVINCIAL DEL CUSCO
Entidad que transcribió la catalogación BIBLIOTECA MUNICIPAL DEL CUSCO
082 ## - NÚMERO DE LA CLASIFICACIÓN DECIMAL DEWEY
No. de Clasificación Saqsaywaman/N°7/2008
110 ## - ENTRADA PRINCIPAL--NOMBRE DE ENTIDAD CORPORATIVA
Nombre de la institución, jurisdicción como entrada principal Instituto Nacional de Cultura Region Cusco
9 (RLIN) 29198
245 ## - MENCIÓN DE TÍTULO
Título Revista Saqsaywaman :
Mención de responsabilidad Instituto Nacional de Cultura Region Cusco.
260 ## - PUBLICACIÓN, DISTRIBUCIÓN, ETC.
Lugar de publicación, distribución, etc. Cusco.
Nombre de la editorial, distribuidor, etc. INC,
-- Amauta,
Fecha de publicación, distribución, etc. 2008.
300 ## - DESCRIPCIÓN FÍSICA
Nº de Páginas Extensión 210 páginas. :
Otros detalles físicos ilustraciones ;
Dimensiones 21 cm.
440 ## - MENCIÓN DE SERIE/PUNTO DE ACCESO ADICIONAL--TÍTULO
Título Revista Saqsaywaman.
Número de la parte/sección de una obra N°7, 2008
9 (RLIN) 47103
505 ## - NOTA DE CONTENIDO CON FORMATO
Nota de contenido formateada Contenido: Excavaciones arqueológicas en Pikillaqta. Carlos Antonio Arriola Tuni. -- Investigaciones arqueológicas en Wat’a Huarocondo. Carlos Rosell Bocanegra. -- Arqueología en Livitaca. Domingo Farfán Acuna. -- Las Qolqas de Muyu Orqo. José Pilares Daza. -- Arqueología en el Templo de Santa Ana. Reynaldo Bustinza Espinoza. -- Huellas del Plioceno en el Cusco. Jorge Gamarra Gamio. -- Prácticas craneanas y paleopatologías en los antiguos pobladores de la Región Cusco. Elva Torres Pino. -- La arqueología y su relación con la Cultura Material. René Pilco Vargas. -- La conservación y Restauración de Bienes Arqueológicas Muebles. Susan Aráoz Warthon. -- Material cultural de contexto funerario. Tatiana Pimentel Dávila.
650 ## - PUNTO DE ACCESO ADICIONAL DE MATERIA--TÉRMINO DE MATERIA
Descriptor Arqueología cusqueña
9 (RLIN) 9322
650 ## - PUNTO DE ACCESO ADICIONAL DE MATERIA--TÉRMINO DE MATERIA
Descriptor Historia del Cusco
9 (RLIN) 1714
650 ## - PUNTO DE ACCESO ADICIONAL DE MATERIA--TÉRMINO DE MATERIA
Descriptor Inkas
9 (RLIN) 1899
650 ## - PUNTO DE ACCESO ADICIONAL DE MATERIA--TÉRMINO DE MATERIA
Descriptor Monumentos históricos
9 (RLIN) 6891
700 ## - PUNTO DE ACCESO ADICIONAL--NOMBRE DE PERSONA
Nombre Personal Arriola Tuni. Carlos Antonio
9 (RLIN) 47104
700 ## - PUNTO DE ACCESO ADICIONAL--NOMBRE DE PERSONA
Nombre Personal Pilares Daza, José
9 (RLIN) 47105
700 ## - PUNTO DE ACCESO ADICIONAL--NOMBRE DE PERSONA
Nombre Personal Farfán Acuna, Domingo
9 (RLIN) 47106
700 ## - PUNTO DE ACCESO ADICIONAL--NOMBRE DE PERSONA
Nombre Personal Pilares Daza, José
9 (RLIN) 47105
856 ## - LOCALIZACIÓN Y ACCESO ELECTRÓNICOS
Identificador Uniforme de Recurso (URI) <a href="http://bvirtual.culturacusco.gob.pe/items/show/107">http://bvirtual.culturacusco.gob.pe/items/show/107</a>
Nota pública Leer en digital
942 ## - ELEMENTOS DE PUNTO DE ACCESO ADICIONAL (KOHA)
Fuente de clasificación
Tipo de item Revistas cusqueñas
945 ## - PROCESAMIENTO DE INFORMACIÓN LOCAL (OCLC)
Catalogador rac
Holdings
Estado de retiro (separado) Fuente de clasificación o esquema de estanterías Estado dañado Ubicación Sala donde se ubica Nombre de la colección Fecha de adquisición o compra Costo, precio normal en soles Signatura topográfica Código de Barras Última vez visto (Koha) Tipo de ítem (Koha)
No     Sala Hemeroteca Sala Hemeroteca Book Cart 2022-02-02 5.00 Saqsaywaman/N°7/2008 REVC000516 2022-02-02 Revistas cusqueñas
No     Sala Hemeroteca Sala Hemeroteca Book Cart 2022-02-02 5.00 Saqsaywaman/N°7/2008/e.2 REVC000517 2022-02-02 Revistas cusqueñas

Powered by Koha